Home Print Resources E-Books E-Journals IIMT Lecture Series Library Membership Form Book Recommendation Form Campus Tour Take AdmissionAbout Us Contact Us

PRINCIPLES & PRACTICE OF MANAGEMENT (Record no. 40853)

000 -LEADER
fixed length control field 00405nam a22001697a 4500
003 - CONTROL NUMBER IDENTIFIER
control field OSt
005 - DATE AND TIME OF LATEST TRANSACTION
control field 20240319111023.0
008 - FIXED-LENGTH DATA ELEMENTS--GENERAL INFORMATION
fixed length control field 171101b xxu||||| |||| 00| 0 eng d
020 ## - INTERNATIONAL STANDARD BOOK NUMBER
International Standard Book Number 978-8180548918
040 ## - CATALOGING SOURCE
Transcribing agency SEROSOFT
100 ## - MAIN ENTRY--PERSONAL NAME
Personal name PRASAD , L M
245 ## - TITLE STATEMENT
Title PRINCIPLES & PRACTICE OF MANAGEMENT
250 ## - EDITION STATEMENT
Edition statement 9TH
260 ## - PUBLICATION, DISTRIBUTION, ETC.
Place of publication, distribution, etc. NEW DELHI
Name of publisher, distributor, etc. SULTAN CHAND
Date of publication, distribution, etc. 2016
300 ## - PHYSICAL DESCRIPTION
Extent 623
942 ## - ADDED ENTRY ELEMENTS (KOHA)
Source of classification or shelving scheme
Koha item type Text-Book- for 7 days
Edition 9TH
Holdings
Withdrawn status Lost status Source of classification or shelving scheme Damaged status Not for loan Home library Current library Date acquired Source of acquisition Coded location qualifier Cost, normal purchase price Inventory number Full call number Barcode Date last seen Uniform Resource Identifier Price effective from Koha item type Total Checkouts Date last checked out
          IIMT University Central Library Meerut IIMT University Central Library Meerut 10/30/2017 BANSAL BOOK DISTRIBUTOR MANAGEMENT 495.00 5949 658.2 PRA 01-B-125627 11/01/2017 PRINCIPLES AND PRACTICE OF MANAGEMENT 11/01/2017 Reference Book    
          IIMT University Central Library Meerut IIMT University Central Library Meerut 10/30/2017 BANSAL BOOK DISTRIBUTOR MANAGEMENT 495.00 5949 658.2 PRA 01-B-125628 02/16/2026 PRINCIPLES AND PRACTICE OF MANAGEMENT 11/01/2017 Book Bank 1 10/27/2025
IIMT, Central Library. All Rights Reserved IIMT,UNIVERSITY © 2023
Implemented and Customised by I CLOUDE EMS
You Are OPAC Visitor No
free web counter

Powered by Koha